000 00395nam a2200145Ia 4500
008 250102s2025 xx 000 0 und d
020 _a978-93-5451-225-4
041 _aeng
082 _a615.611/BHI/YAD
100 _aBHIISE/YADAV
245 _aHUMAN ANATOMY AND PHYSIOLOGY
_bHUMAN ANATOMY AND PHYSIOLOGY
250 _a7th.ed.
260 _aPUNE
_bNIRALI PUBLICATION
_c2025
300 _a15.2p
999 _c1214556
_d1214556